000 00364nam a2200145Ia 4500
008 230711s9999||||xx |||||||||||||| ||und||
041 _aENG
082 _a621.9023
_bKO-N
100 _aKoren,Yoram
245 0 _aNumerical control of machine tool
250 _a1st
260 _c1973
_aNew Delhi
_bKhanna Publishers
650 _aMechanical Engineering
942 _cBK
999 _c1073
_d1073